000 00647nam a22001337a 4500
040 _cRUA
082 _aAVM CHA 2012 B103 Or.1
100 _aCHAN, VUTHY.
245 _aeffects of casssva leaves and ivomec on nematode parasites in pig (ឥទ្ធិពលនៃស្លឹកដំឡូងមី និង អ៊ីវ៉ូមិក ( ivomec) ទៅលើព្រូនណេម៉ាតូត ក្នុងក្រពះពោះវៀនជ្រូក)
260 _aPhnom Penh
_bRUA
_c2012
300 _ax, 42p.
_bill.
_c29cm.
856 _uhttps://drive.google.com/file/d/13my0tHKhfqoQKCOQq8-7VICYR0F8ROxU/view?usp=sharing
942 _cAVM
999 _c1101
_d1101